000 01225cam a2200265 4500
008 030422n2003 000 0 eng u
020 _a0727732072
035 _a(Sirsi) u122056
041 _aeng
050 _a690.068
_c21
100 _aHolroyd, Trevor M.
245 _aBuildability
_bsuccessful construction from concept to completion
260 _aLondon
_bThomas Telford
_c2003
300 _axiv, 189p.
_c24cm.
350 _a29.95
520 _aDefines buildable as 'easy to construct in a safe manner' and argues that buildable projects are the most successful, leaving satisfied clients and contractors. Suggests that this can be achieved through the implementation of the Latham and Egan reforms, the application of improved health and safety within the construction industry, the incorporation of an understanding of practical construction techniques into the project detail from the beginning, and the use of feedback throughout the supply chain.
650 _aBUILDABILITY
650 _aCONSTRUCTION TECHNIQUES
650 _aEGAN REFORMS
650 _aLATHAM REFORMS
650 _aSITE SAFETY
650 _aSUPPLY CHAIN MANAGEMENT
690 _aBUILDING AND CONSTRUCTION-MANAGEMENT
942 _n0
999 _c102776
_d102776